Functional analysis for the applied mathematician (Record no. 49628)
[ view plain ]
| 000 -LEADER | |
|---|---|
| fixed length control field | 01900cam a2200445M 4500 |
| 003 - CONTROL NUMBER IDENTIFIER | |
| control field | FlBoTFG |
| 005 - DATE AND TIME OF LATEST TRANSACTION | |
| control field | 20260416150226.0 |
| 008 - FIXED-LENGTH DATA ELEMENTS--GENERAL INFORMATION | |
| fixed length control field | 241216s2025 xx ob 0|| 0 eng d |
| 020 ## - INTERNATIONAL STANDARD BOOK NUMBER | |
| International Standard Book Number | 9781040275498 |
| 020 ## - INTERNATIONAL STANDARD BOOK NUMBER | |
| International Standard Book Number | 1040275494 |
| 020 ## - INTERNATIONAL STANDARD BOOK NUMBER | |
| International Standard Book Number | 9781003492139 |
| 020 ## - INTERNATIONAL STANDARD BOOK NUMBER | |
| International Standard Book Number | 1003492134 |
| 020 ## - INTERNATIONAL STANDARD BOOK NUMBER | |
| International Standard Book Number | 9781040275504 |
| 020 ## - INTERNATIONAL STANDARD BOOK NUMBER | |
| International Standard Book Number | 1040275508 |
| 020 ## - INTERNATIONAL STANDARD BOOK NUMBER | |
| Cancelled/invalid ISBN | 103279156X |
| 020 ## - INTERNATIONAL STANDARD BOOK NUMBER | |
| Cancelled/invalid ISBN | 9781032791562 |
| 072 #7 - SUBJECT CATEGORY CODE | |
| Subject category code | MAT |
| Subject category code subdivision | 003000 |
| Source | bisacsh |
| 072 #7 - SUBJECT CATEGORY CODE | |
| Subject category code | PBKF |
| Source | bicssc |
| 082 04 - DEWEY DECIMAL CLASSIFICATION NUMBER | |
| Classification number | 515/.72 |
| Edition number | 23/eng/20250108 |
| 100 1# - MAIN ENTRY--PERSONAL NAME | |
| Personal name | Arbogast, Todd, |
| 245 10 - TITLE STATEMENT | |
| Title | Functional analysis for the applied mathematician |
| 250 ## - EDITION STATEMENT | |
| Edition statement | First edition. |
| 260 ## - PUBLICATION, DISTRIBUTION, ETC. (IMPRINT) | |
| Place of publication, distribution, etc | [S.l.] : |
| Name of publisher, distributor, etc | CHAPMAN & HALL CRC, |
| Date of publication, distribution, etc | 2025. |
| 300 ## - PHYSICAL DESCRIPTION | |
| Extent | 1 online resource |
| 520 ## - SUMMARY, ETC. | |
| Summary, etc | "This is a self-contained volume providing a rigorous introduction to functional analysis and its applications. Students from mathematics, science, engineering, and certain social science and interdisciplinary programs will benefit from the material. It is accessible to graduate and advanced undergraduate students with a solid background in undergraduate mathematics and an appreciation of mathematical rigor. Students are called upon to actively engage with the material, to the point of proving some of the basic results or their straightforward generalizations, both within the text and within the generous set of exercises"-- |
| 650 #0 - SUBJECT ADDED ENTRY--TOPICAL TERM | |
| Topical term or geographic name as entry element | Functional analysis |
| 650 #7 - SUBJECT ADDED ENTRY--TOPICAL TERM | |
| Topical term or geographic name as entry element | MATHEMATICS / Applied |
| 700 1# - ADDED ENTRY--PERSONAL NAME | |
| Personal name | Bona, J. L., |
| 856 40 - ELECTRONIC LOCATION AND ACCESS | |
| Uniform Resource Identifier | <a href="https://www.taylorfrancis.com/books/9781003492139">https://www.taylorfrancis.com/books/9781003492139</a> |
| 856 42 - ELECTRONIC LOCATION AND ACCESS | |
| Uniform Resource Identifier | <a href="http://www.oclc.org/content/dam/oclc/forms/terms/vbrl-201703.pdf">http://www.oclc.org/content/dam/oclc/forms/terms/vbrl-201703.pdf</a> |
| 942 ## - ADDED ENTRY ELEMENTS (KOHA) | |
| Koha item type | Electronic Books |
| Source of classification or shelving scheme | Dewey Decimal Classification |
| 100 1# - MAIN ENTRY--PERSONAL NAME | |
| Relator term | author. |
| 490 1# - SERIES STATEMENT | |
| Series statement | Textbooks in mathematics |
| 650 #0 - SUBJECT ADDED ENTRY--TOPICAL TERM | |
| Form subdivision | Textbooks. |
| 650 #7 - SUBJECT ADDED ENTRY--TOPICAL TERM | |
| Source of heading or term | bisacsh |
| 9 (RLIN) | 4 |
| 700 1# - ADDED ENTRY--PERSONAL NAME | |
| Relator term | author. |
| 830 #0 - SERIES ADDED ENTRY--UNIFORM TITLE | |
| Uniform title | Textbooks in mathematics. |
| 856 40 - ELECTRONIC LOCATION AND ACCESS | |
| Materials specified | Taylor & Francis |
| 856 42 - ELECTRONIC LOCATION AND ACCESS | |
| Materials specified | OCLC metadata license agreement |
| Withdrawn status | Lost status | Source of classification or shelving scheme | Damaged status | Not for loan | Home library | Location | Date of Cataloging | Total Checkouts | Full call number | Barcode | Date last seen | Uniform Resource Identifier | Price effective from | Koha item type |
|---|---|---|---|---|---|---|---|---|---|---|---|---|---|---|
| Dewey Decimal Classification | CUTN Central Library | CUTN Central Library | 16/04/2026 | 515/.72 | EB04874 | 16/04/2026 | http://www.taylorfrancis.com/books/9781003492139 | 16/04/2026 | Electronic Books |
